Szpaku - wszystkie utwory - Statystyki

Ogólne statystyki
  • Ten quiz został rozwiązany 128 razy
  • Średni wynik to 71 z 222
Statystyki odpowiedzi
Group Liczba wyświetleń feat. Nazwa utworu % Poprawnych
Atypowy 76 mln Hinata
82%
CERBER EP 20 mln Plaster
81%
Single 3,6 mln J$
77%
Atypowy 20 mln Alicja
73%
Dzieci Duchy (z Kubi Producent) 216 tys. Dzieci Duchy
72%
Atypowy 65 mln Włodi Oddajemy krew wampirom
72%
CERBER EP 2,7 mln Anioł Stróż
71%
BORuto 45 mln Bajka
71%
CERBER EP 2,7 mln Garfield
71%
Różowa Pantera 17 mln Różowa Pantera
71%
Atypowy 50 mln UFO
71%
UZUMAKI FORMA OSTATECZNA (z Kubi Producent) 6,8 mln UZUMAKI FORMA OSTATECZNA
70%
Dom Dla Zmyślonych Przyjaciół Pana Mateusza 9,7 mln Mateusz
69%
BORuto 39 mln MINIMINI
69%
CERBER EP 896 tys. Animal Planet
68%
BORuto 15 mln Paluch BORuto
68%
Atypowy 27 mln Paluch Szlam
68%
Atypowy 35 mln W krainie czarów
68%
Atypowy 22 mln Białas Lavender Town
66%
Atypowy 31 mln Zombie
66%
Atypowy 15 mln Ja YETI
63%
UZUMAKI FORMA OSTATECZNA (z Kubi Producent) 1,7 mln Jan-rapowanie BYŁEM MŁODY
62%
UZUMAKI FORMA OSTATECZNA (z Kubi Producent) 4 mln Chivas NA ZAWSZE
62%
UZUMAKI FORMA OSTATECZNA (z Kubi Producent) 10 mln Waima CRAZY FROG
61%
Dom Dla Zmyślonych Przyjaciół Pana Mateusza 12 mln Dom
61%
Dom Dla Zmyślonych Przyjaciół Pana Mateusza 9,7 mln Krokodyl Dundee
61%
Różowa Pantera 6,7 mln DZIARMA Wino
61%
Single 680 tys. Rolex WINO (Remix)
61%
UZUMAKI FORMA OSTATECZNA (z Kubi Producent) 4 mln KRAINA LODU
60%
Różowa Pantera 8,8 mln Zdechły Osa Zły
60%
Dom Dla Zmyślonych Przyjaciół Pana Mateusza 2,6 mln Minimini2
59%
Dom Dla Zmyślonych Przyjaciół Pana Mateusza 3,2 mln Afryka
58%
Dom Dla Zmyślonych Przyjaciół Pana Mateusza 4,2 mln R.I.P. Krawczyk
58%
Różowa Pantera 8,9 mln Chivas Potwór
57%
Atypowy 5,9 mln Mojo Jojo
55%
Atypowy 17 mln Nieważne
55%
Dom Dla Zmyślonych Przyjaciół Pana Mateusza 4,1 mln Jeździec Bez Głowy
54%
Featy 50 mln Guzior Ninja
54%
Dom Dla Zmyślonych Przyjaciół Pana Mateusza 3,8 mln Ötzi
54%
Dom Dla Zmyślonych Przyjaciół Pana Mateusza 7,1 mln Mr. Mime
53%
Single 8,8 mln V∆E VISTIC WIĘŹ
53%
BORuto 12 mln Young Igi Żółwie Ninja
53%
Dom Dla Zmyślonych Przyjaciół Pana Mateusza 10 mln Człowiek Motyl
52%
UZUMAKI FORMA OSTATECZNA (z Kubi Producent) 995 tys. FULL METAL SKIT
52%
Dzieci Duchy (z Kubi Producent) 24 mln Kochaj mnie
52%
Dom Dla Zmyślonych Przyjaciół Pana Mateusza 3,9 mln Alf
51%
Featy 9,1 mln SB Maffija Czarna Perła
51%
Dzieci Duchy (z Kubi Producent) 12 mln Noc Polarna
51%
UZUMAKI FORMA OSTATECZNA (z Kubi Producent) 1,2 mln OSTATNI NINJA
51%
Featy 7,7 mln Young Multi Młody Manson
49%
UZUMAKI FORMA OSTATECZNA (z Kubi Producent) 1,4 mln CHAINSAW MAN
48%
Różowa Pantera 7,4 mln Młody 2Pac
48%
UZUMAKI FORMA OSTATECZNA (z Kubi Producent) 4,2 mln NIETOPERZE
48%
Dzieci Duchy (z Kubi Producent) 3 mln Ćmy
47%
BORuto 3,6 mln Cyklofrenia
47%
Różowa Pantera 79 mln #Hot16Challenge2
47%
Single 15 mln Rolex Kamizelka
47%
UZUMAKI FORMA OSTATECZNA (z Kubi Producent) 1,6 mln SCOOBY DOO
47%
Różowa Pantera 2,2 mln Kizo, Młodzian, Rolex Biały Miś
46%
Single 740 tys. Jan-rapowanie, DJ SERIO? Jan-Szpakowanie
46%
UZUMAKI FORMA OSTATECZNA (z Kubi Producent) 2,2 mln Rolex MAŁY RUI
46%
Dzieci Duchy (z Kubi Producent) 4 mln Bedoes Na Osiedlu
46%
Dzieci Duchy (z Kubi Producent) 659 tys. Pająki
46%
UZUMAKI FORMA OSTATECZNA (z Kubi Producent) 7,8 mln TOTORO
46%
Single 4,8 mln GUGU
45%
Featy 58 mln Paluch Kontrola Jakości
45%
Featy 14 mln Chivas ​najlepsi pod słońcem
45%
Różowa Pantera 7,7 mln Ośmiogwiazdkowy S*urwiel
45%
Dzieci Duchy (z Kubi Producent) 1,4 mln Koniec
44%
Single 1,3 mln KONIEC. (Macias diss)
44%
BORuto 17 mln Król Lew
44%
Młody Simba Mixtape 8,1 mln Młody Simba
44%
BORuto 5 mln Young IgI Rick and Morty
44%
Dzieci Duchy (z Kubi Producent) 3,4 mln Paluch, Sarius Stare Graffiti
44%
Różowa Pantera 5,4 mln Hałas
43%
Featy 6,8 mln chillwagon huśtawka
43%
Single 3 mln Jan-rapowanie, DJ SERIO? Jan Szpakowanie 2
43%
Single 707 tys. Jan-rapowanie, DJ SERIO? Jan Szpakowanie 3
43%
Single 1,2 mln Jan-rapowanie, DJ SERIO? Jan Szpakowanie 4
42%
Single 1,2 mln Jan-rapowanie, DJ SERIO? Jan Szpakowanie 5
42%
BORuto 6,5 mln Kaz Bałagane Mewtwo
42%
Dzieci Duchy (z Kubi Producent) 6,1 mln Tymek OVERHYPE9000
42%
Featy 41 mln Słoń Sicario
42%
Featy 3,1 mln SB Maffija Wioska ukryta we mgle
42%
Featy 35 mln Deemz Ból
41%
Featy 15 mln BORCREW Dzieci Burzy
41%
Różowa Pantera 2,2 mln Kadobe Fanlove
41%
Featy 32 mln Jan-rapowanie & NOCNY Wybory
41%
Dzieci Duchy (z Kubi Producent) 1 mln Coals Hello Kitty
40%
Różowa Pantera 4,4 mln Bal
39%
BORuto 9,6 mln MUK
39%
Różowa Pantera 8,8 mln NPC
39%
Dzieci Duchy (z Kubi Producent) 482 tys. Rolex Mateusz Dragon Wielki
38%
Featy 5,2 mln RIP SCOTTY, LEEO Borderline
37%
Dzieci Duchy (z Kubi Producent) 5,3 mln FREESTYLE
37%
Featy 1,1 mln Kinny Zimmer Jadę Nocą Na Mazurach
37%
Featy 3,6 mln Oki Kochać Bloki
37%
BORuto 4,8 tys. Skit
37%
Featy 21 mln favst/gibbs suma wszystkich strachów
37%
Featy 4,2 mln Gibbs Czerwone łzy
35%
Featy 3,2 mln Kuban ​jak nie wrócę po północy
35%
Dzieci Duchy (z Kubi Producent) 693 tys. Umrzyj Ze Mną
35%
Single 4 mln Golem
34%
Featy 5,1 mln Chivas hellcat redeye
34%
Featy 125 tys. Kizo TSUNAMI
33%
Featy 2,9 mln 2115 GUGU x 2115
32%
Featy 5,8 mln Kinny Zimmer Jadę nocą na Mazurach 2
32%
Featy 16 mln Białas Sępy
32%
Dzieci Duchy (z Kubi Producent) 684 tys. Białas, Kaz Bałagane KABZZLOOK
31%
Dzieci Duchy (z Kubi Producent) 13 mln Pali Się
31%
Featy 5 mln Kaz Bałagane Moonrock
30%
Featy 2,3 mln Guzior SOWA
30%
Featy 2,8 mln White 2115 Kap Kap
29%
Featy 1,5 mln Waima Ride or Die
28%
Featy 3,3 mln chillwagon robale
28%
Featy 4,9 mln Kalush Orchestra Nasze Domy
27%
Młody Simba Mixtape 8 mln Saluto
27%
Single 3,9 mln GUMMO
26%
Featy 3,7 mln Bedoes, Lanek Nawiedzony Dom /
26%
Featy 1,3 mln 27.FUCKDEMONS Zespół Cotarda
26%
Single 2,1 mln GG EASY
25%
Featy 8 mln Esceh MOËT
25%
Młody Simba Mixtape 6,4 mln OLDTALK
25%
Featy 1,6 mln Kubi Producent Więcej Życia
25%
Młody Simba Mixtape 4,2 mln Chmury
24%
Single 2,8 mln Gengar
24%
Featy 846 tys. VAE VISTIC Kochałem to co wulgarne
24%
Featy 2,2 mln Taco Hemingway WWA Nie Berlin
24%
Featy 6,1 mln Sarius Zapomnij O Mnie
24%
Featy 1 mln DZIARMA Bomby
22%
Featy 16 mln Sarius Dobry chłopak
22%
Młody Simba Mixtape 1,7 mln BLACK SWAG
20%
Featy 9,2 mln Żabson Brak snu, stres i używki
20%
Featy 3,8 mln PRO8L3M GeForce
20%
Featy 11 mln Kizo Artysta Z Blizną
19%
Featy 15 mln Kobik Bor Crew
19%
Single 3,6 mln Rolex, Karwan CRYSTAL
19%
Featy 24 mln Lipa IJO IJO
19%
Featy 13 mln Jan-rapowanie, NOCNY Niech To Usłyszą
19%
Featy 495 tys. Karwan Niepokój
19%
Featy 10 mln Kuban Sami swoi
19%
Młody Simba Mixtape 637 tys. Młodzian Klama
18%
Featy 4,8 mln BORCREW Gniazdo
17%
Featy 1,2 mln BORCREW Gniazdo (Remix)
17%
Młody Simba Mixtape 385 tys. M@łpi$zon
17%
Młody Simba Mixtape 497 tys. ZA NIC
17%
Single 875 tys. ALIGATOR
16%
Featy 7 mln Smolasty Tequila
16%
Featy 5,2 mln Kaz Bałagane Znałem typa
16%
Featy 4,4 mln BORCREW Koryto
15%
Featy 5,3 mln Białas Smutne Miasteczko
15%
Featy 8,1 mln Kaz Bałagane Z Wami
15%
Featy 8,1 mln Tymek 94
14%
Featy 839 tys. Eis Czasem
14%
Single 1,3 mln R.eS, Młodzian iBOY
14%
Single 622 tys. Raxxity MALIBU
14%
Single 4,4 mln Raxxity MULAFASA
14%
Featy 6,4 mln Bezczel Schumacher
14%
Featy 9,1 mln Paluch Amalgamat
13%
Featy 1,1 mln Bonson Bracie Mój
13%
Featy 501 tys. HEAVYWEIGHT Bunt
13%
Featy 2,2 mln BORCREW Killoff
13%
Featy 3,9 mln Kubi Producent Mały Świat
13%
Single 915 tys. podsumowanie (White Widow diss)
13%
Featy 7,2 mln BORCREW Serce Na Bloku
13%
Featy 2,6 mln BORCREW Serce Na Bloku (Remix)
13%
Featy 1,4 mln Karwan Wschód Końca
13%
Single 153 tys. (reupload) Zachcianki
13%
Featy 957 tys. Środowisko Miejskie Chciałem
12%
Featy 8,2 mln Young Igi Giń za mnie
12%
Featy 9,4 mln DJ Decks Jakoś idzie
12%
Single 249 tys. Rolex WILKI GRYZO
12%
Featy 2,4 mln Kaz Bałagane Niepokoje
11%
Featy 1,1 mln DJ Decks Oczy na nas
11%
Single 2,9 mln Válasz a diss-re (White Widow diss)
11%
Featy 1,3 mln White House Records BOBO
10%
Featy 2,6 mln Qry, Zetha Kadr
10%
Featy 4 mln Małolat, Auer Nad Ranem
10%
Featy 2,3 mln Sarius NajsHajs (Remix)
10%
Featy 3,2 mln Kaz Bałagane Narkopop i BOR
10%
Featy 1 mln Kacper HTA Nie zmieniam wizji
10%
Featy 3,5 mln BORCREW Odbijam
10%
Featy 1,7 mln Deys Odpięte wrotki
10%
Featy 2,4 mln Kizo Salon
10%
Single 132 tys. (reupload) Solóweczka (BEZCZEL DISS)
10%
Featy 1,6 mln Kobik To nie koniec
10%
Featy 714 tys. Solar Vantablack
10%
Featy 1,7 mln Oki DLA ZIOMALI (Remix)
9%
Featy 863 tys. Kizo Parasol
9%
Featy 903 tys. Białas Ślady na ciele
9%
Featy 971 tys. Penx #facepalm
8%
Featy 2,9 tys. chillwagon jacuzzi
8%
Featy 790 tys. Młodzian LSD
8%
Featy 1,1 mln Sokół Ludzie z planety bezludnej
8%
Featy 1,3 mln Kacper HTA Miasto grzechu
8%
Featy 1,6 mln Frosti Nowe skoki
8%
Młody Simba Mixtape 162 tys. Swayze WEWORKING
8%
Single 133 tys. (reupload) 28 dni później... (BEZCZEL DISS)
6%
Featy 48 tys. Raxxity 500
6%
Single 101 tys. (reupload) 50BLOKK
6%
Featy 568 tys. Major SPZ, Matheo Blind
6%
Single 425 tys. CZARNUCHU
6%
Featy 114 tys. ADZKY Niebieski wieloryb
6%
Single 38 tys. (reupload) Młodzian PLAN
6%
Featy 1,3 mln Jongmen Ponad Normę
6%
Featy 3,8 tys. chillwagon power rangers
6%
Single 1,9 mln Ralph Lauren
6%
Featy 2 mln Bajorson Yeeah Yeeah
6%
Featy 867 tys. Bonus RPK Arytmia Serca (Remix)
5%
Featy 80 tys. GURZYN, IWAN FLASHBANG
5%
Single 92 tys. (reupload) KLĘSKA (BEZCZEL DISS)
5%
Featy 31 tys. Trinitaz Rwa kulszowa
5%
Featy 2 mln GUGU Šmierč w Chorwacji
5%
Featy 21 tys. FukaJ, Charlie Moncler DRUGI
3%
Featy 20 tys. (reupload) TEF Na linii
3%
Featy 2 tys. chillwagon szyny były złe
3%
Featy 47 tys. KPSN Tacy sami
3%
Single 20 tys. Młodzian, Struni, Kema Tour de Pologne
3%
BORuto - Loko (Bonus Track)
2%
Single - Płaska ziemia
2%
Featy - Kobik Przekonam się sam
2%
Single 69 tys. (reupload) MADARA
1%
Nie znaleziono quizów pasujących do podanych kryteriów
Rozkład punktacji
Procent ludzi z każdym wynikiem
Percentyl według liczby udzielonych odpowiedzi
Twoja historia wyników
Nie rozwiązałeś tego quizu